Statystyki dla 15 krajów o największej liczbie zgonów Covid19 - 19 sierpnia

Kliknij tutaj aby rozwiązać quiz!

Ogólne statystyki

  • Ten quiz został rozwiązany 17 razy
  • Średni wynik to 12 z 20

Statystyki odpowiedzi

kraj% Poprawnych
Stany Zjednoczone
100%
Wielka Brytania
88%
Brazylia
81%
Francja
81%
Hiszpania
81%
Indie
81%
Meksyk
81%
Rosja
81%
Włochy
81%
Iran
63%
Republika
Południowej Afryki
50%
Belgia
44%
Holandia
44%
Kolumbia
44%
Peru
44%
Szwecja
44%
Boliwia
38%
Chile
38%
Irlandia
25%
Panama
19%

Rozkład punktacji

Percentyl według liczby udzielonych odpowiedzi

Procent ludzi z każdym wynikiem

Twoja historia wyników

Nie rozwiązałeś tego quizu